[Event "Solingen-ch"]
[Site "Solingen"]
[Date "2015.11.06"]
[Round "5"]
[White "Mix, Lothar"]
[Black "Skiber, Friedel"]
[Result "0-1"]
[WhiteElo "1241"]
[BlackElo "1730"]
[PlyCount "71"]
[EventDate "2015.09.04"]
[EventType "swiss"]
[EventRounds "7"]
[EventCountry "GER"]
[SourceTitle "EXT 2018"]
[Source "ChessBase"]
[SourceDate "2017.10.13"]
[SourceVersion "1"]
[SourceVersionDate "2017.10.13"]
[SourceQuality "1"]

1. e4 d6 2. d4 Nf6 3. Nc3 g6 4. Bg5 Bg7 5. Be2 c6 6. Nf3 Qa5 7. Bd2 Qc7 8. h3 h5 9. Nh2 b5 10. Bf3 b4 11. Ne2 a5 12. c3 Na6 13. Rc1 Rb8 14. cxb4 e5 15. d5 Bd7 16. dxc6 Be6 17. Qa4 Nxb4 18. Bxb4 Rxb4 19. Qd1 Bxa2 20. 0-0 Nxe4 21. Bxe4 Rxe4 22. Nc3 Rd4 23. Qf3 Bc4 24. Rfe1 0-0 25. Re4 Qxc6 26. Rce1 Rxe4 27. Nxe4 d5 28. Nc3 e4 29. Qd1 Bd3 30. Nf1 d4 31. Ne2 Rc8 32. Nf4 Bc2 33. Qa1 a4 34. Rc1 d3 35. Nd2 Rb8 36. Qa3 0-1

[Event "Solingen-ch"]
[Site "Solingen"]
[Date "2015.09.18"]
[Round "2"]
[White "Mentzel, Markus"]
[Black "Mix, Lothar"]
[Result "1-0"]
[WhiteElo "1950"]
[BlackElo "1241"]
[PlyCount "55"]
[EventDate "2015.09.04"]
[EventType "swiss"]
[EventRounds "7"]
[EventCountry "GER"]
[SourceTitle "EXT 2018"]
[Source "ChessBase"]
[SourceDate "2017.10.13"]
[SourceVersion "1"]
[SourceVersionDate "2017.10.13"]
[SourceQuality "1"]

1. c4 b6 2. Nc3 Bb7 3. e4 e6 4. d4 a6 5. Nf3 Bb4 6. Bd3 Ne7 7. 0-0 0-0 8. d5 Bxc3 9. bxc3 Qe8 10. Ba3 d6 11. Re1 Nd7 12. Qc2 e5 13. Rab1 Rb8 14. Nd2 Ng6 15. g3 Qd8 16. Nf1 Qg5 17. Bc1 Qd8 18. Ne3 Nf6 19. Qe2 Bc8 20. Nf5 Re8 21. Qf3 Ne7 22. Bg5 Ng6 23. Kg2 h6 24. Nxh6+ Kf8 25. Nf5 Qd7 26. Bxf6 gxf6 27. Qh5 Ne7 28. Qh6+ 1-0